Volnočasové aktivity pro děti staršího školního věku v satelitních obcích : absolventská práce / Hynek Effenberger ; vedoucí práce Michal Kaplánek
Absolventská práce “Volnočasové aktivity pro děti staršího školního věku v satelitních obcích” má za cíl zjistit dostupnost volnočasových aktivit pro děti staršího školního věku ve vybrané satelitní obci na základě jejich spokojenosti. Práce je rozdělena na teoretickou a praktickou část. Teoretická část obsahuje seznámení s pojmy souvisejícími s tímto tématem, problematiku satelitních obcí, zájmy dětí staršího školního věku a primární prevence. Na tuto část navazuje část praktická, která je tvořena výzkumným šetřením ve formě dotazníku, zabývajícím se náplní volnočasových aktivit dětí staršího školního věku a jejich spokojeností s volnočasovými aktivitami. Výzkumné šetření tvoří kapitoly: cíle, výzkumné otázky, parametry výzkumu, metoda, výzkumný soubor, hodnocení výzkumu rozdělené na část výsledků otázek tázající se na volnočasové aktivity a část výsledků otázek zjišťující spokojenost, a nakonec shrnutí výzkumu. Výzkum je poté následně porovnán s výzkumem Volný čas dětí na prahu třetího desetiletí 21. století z knihy Volný čas dětí staršího školního věku od Michala Kaplánka.
Record details
- Physical Description: 49 stran : bez příloh ; 31 cm
Content descriptions
| Dissertation Note: | Absolventská práce (Dis.), Jabok - Vyšší odborná škola sociálně pedagogická a teologická, 2023 |
| Bibliography, etc. Note: | Obsahuje bibliografii |
Search for related items by subject
| Genre: | absolventské práce |
Available copies
- 1 of 1 copy available at Common Catalog SPOK.
Holds
- 0 current holds with 1 total copy.
Show All Copies
| Location | Call Number / Copy Notes | Barcode | Shelving Location | Status | Due Date |
|---|---|---|---|---|---|
| Jabok Library | ABP-2492 | 424480045349 | Absolventské práce | Reference | - |
Electronic resources
Version of Resource: Plný text
| LDR | ntm a22 i 4500 | ||
|---|---|---|---|
| 001 | 56957 | ||
| 003 | CZ-PrJAB | ||
| 005 | 20240124113142.0 | ||
| 007 | ta | ||
| 008 | s2023 xr e 000 0 cze | ||
| 040 | . | ‡aABG312 ‡bcze ‡erda | |
| 041 | 0 | . | ‡acze ‡beng |
| 072 | 7. | ‡a374 ‡xVýchova a vzdělávání dospělých. Mimoškolní výchova a vzdělávání ‡2Konspekt ‡922 | |
| 100 | 1 | . | ‡aEffenberger, Hynek ‡4aut |
| 245 | 1 | 0. | ‡aVolnočasové aktivity pro děti staršího školního věku v satelitních obcích : ‡babsolventská práce / ‡cHynek Effenberger ; vedoucí práce Michal Kaplánek |
| 264 | 0. | ‡c2023 | |
| 300 | . | ‡a49 stran : ‡bbez příloh ; ‡c31 cm | |
| 336 | . | ‡atext ‡btxt ‡2rdacontent | |
| 337 | . | ‡abez média ‡bn ‡2rdamedia | |
| 338 | . | ‡asvazek ‡bnc ‡2rdacarrier | |
| 502 | . | ‡aAbsolventská práce (Dis.), Jabok - Vyšší odborná škola sociálně pedagogická a teologická, 2023 | |
| 504 | . | ‡aObsahuje bibliografii | |
| 520 | 3 | . | ‡aAbsolventská práce “Volnočasové aktivity pro děti staršího školního věku v satelitních obcích” má za cíl zjistit dostupnost volnočasových aktivit pro děti staršího školního věku ve vybrané satelitní obci na základě jejich spokojenosti. Práce je rozdělena na teoretickou a praktickou část. Teoretická část obsahuje seznámení s pojmy souvisejícími s tímto tématem, problematiku satelitních obcí, zájmy dětí staršího školního věku a primární prevence. Na tuto část navazuje část praktická, která je tvořena výzkumným šetřením ve formě dotazníku, zabývajícím se náplní volnočasových aktivit dětí staršího školního věku a jejich spokojeností s volnočasovými aktivitami. Výzkumné šetření tvoří kapitoly: cíle, výzkumné otázky, parametry výzkumu, metoda, výzkumný soubor, hodnocení výzkumu rozdělené na část výsledků otázek tázající se na volnočasové aktivity a část výsledků otázek zjišťující spokojenost, a nakonec shrnutí výzkumu. Výzkum je poté následně porovnán s výzkumem Volný čas dětí na prahu třetího desetiletí 21. století z knihy Volný čas dětí staršího školního věku od Michala Kaplánka. |
| 653 | 0 | . | ‡asatelitní obce ‡aZeleneč ‡avolnočasové aktivity ‡aděti staršího školního věku |
| 655 | 7. | ‡aabsolventské práce ‡7ph202176 ‡2czenas | |
| 700 | 1 | . | ‡aKaplánek, Michal ‡4ths |
| 710 | 2 | . | ‡aJabok - Vyšší odborná škola sociálně pedagogická a teologická |
| 856 | 4 | 1. | ‡uhttps://is.jabok.cz/th/mybry/ ‡yPlný text |
| 910 | . | ‡aABG312 | |
| 901 | . | ‡a56957 ‡bAUTOGEN ‡c56957 ‡tbiblio | |